Marketingová koncepcia pre inováciu v oblasti smartphone diplomová práca

Salvato in:
Dettagli Bibliografici
Autore principale: Butala, Lukáš
Ente Autore: Obchodná fakulta EU. Katedra marketingu
Altri autori: Filo, Peter
Natura: Libro
Lingua:slovacco
Pubblicazione: Bratislava 2020
Tags: Aggiungi Tag
Nessun Tag, puoi essere il primo ad aggiungerne!!

MARC

LEADER 00000nbm a2200000 4500
001 0266248
005 20201006134234.3
041 0 |a slo 
044 |a SK 
245 1 0 |a Marketingová koncepcia pre inováciu v oblasti smartphone  |b diplomová práca  |c Lukáš Butala ; školiteľ: Peter Filo 
264 1 |a Bratislava  |c 2020 
300 |a 62 s. 
100 1 |a Butala, Lukáš 
700 1 |a Filo, Peter 
710 2 |a Obchodná fakulta EU. Katedra marketingu